000 00430cam a2200145 4500500
005 20251012023104.0
041 _afre
042 _adc
100 1 0 _aStahl Rousseau, Geneviève
_eauthor
245 0 0 _aLacan et Cheng
260 _c2005.
500 _a57
786 0 _nPsy Cause | º39 | 1 | 2005-01-01 | p. 15-17 | 1245-2394
856 4 1 _uhttps://shs.cairn.info/revue-psy-cause-2005-1-page-15?lang=fr&redirect-ssocas=7080
999 _c1541176
_d1541176